1635 1374 1164 1534 1650 1441 1770 1040 1332 1805 1474 1453 1200 1391 1368 1535 1099 1463 1526 1762 1870 1804 1764 1402 1274 1167 1854 1972 1030 1009 1138 1402 1455 1502 1861 1156 1467 1369 1805 1326 1978 1827 1113 1885 1160 1542 1440 1537 1809 1875 1302 1399 1992 1000 1538 1875 1821 1346 1499 1077 1125 1959 1564 1460 1534 1041 1366 1606 1207 1154 1933 1261 1731 1687 1839 1890 1385 1529 1344 1322 1323 1714 1804 1048 1926 1757 1231 1612 1626 1191 1063 1428 1929 1398 1946 1151 1083 1959 1185 BCNSPRNW ULIB Ver.6.0+V

เปลี่ยนเป็นภาษาไทย

Change to English
 แสดงรายละเอียดบรรณานุกรม
  กลับหน้าหลัก

Brief Record : Get Marc (ISO 2709) : E-mail record : QR code < ปิดหน้าต่าง
LEADER : 00000nam 2200000uu 4500
001    13399125041
003     ULIB
008    160529s2558||||th 000 0 tha d
020    ^a9786167136714
050  4 HA62^bอ399ส
100 0  ^aอรุณ จิรวัฒน์กุล
245 10 ^aสถิติในงานวิจัย : เลือกใช้อย่างไรให้เหมาะสม =^bStatistics inresearch : appropriate selection /^cอรุณ จิรวัฒน์กุล
246 31 ^aStatistics in research : appropriate selection
250    ^aพิมพ์ครั้งที่ 1
260    ^aกรุงเทพฯ :^bวิทยพัฒน์,^c2558
300    ^a204 หน้า :^bภาพประกอบ ;^c21 ซม.
500    ^aพื้นฐานทั่วไป
650  0 ^aStatistics
650  0 ^aResearch^xStatistical methods
650  4 ^aสถิติศาสตร์
650  4 ^aวิจัย^xระเบียบวิธีทางสถิติ
945    ^p130^l0^i23778
945    ^p130^l0^i23779
999    ^aทศพร เกษรทอง
รายการนี้ยังไม่มีแท็ก
คุณยังไม่ได้ล็อกอิน คุณสามารถมีกิจกรรมร่วมกับเว็บไซต์ได้ แต่ต้องล็อกอินก่อน ::
  ล็อกอิน

รายการสื่อสารสนเทศ

ลำดับที่ ประเภท เลขเรียก/บาร์โค้ด สถานที่ สถานะ
1. การศึกษาทั่วไป
การศึกษาทั่วไป
HA62 อ399ส ฉ.1 
  Barcode: 23778
ห้องสมุดวิทยาเขตนครสวรรค์
►หนังสือทั่วไป:l:General Books
บนชั้น
2. การศึกษาทั่วไป
การศึกษาทั่วไป
HA62 อ399ส ฉ.2 
  Barcode: 23779
ห้องสมุดวิทยาเขตนครสวรรค์
►หนังสือทั่วไป:l:General Books
บนชั้น

รายการใกล้เคียง
    ผู้แต่ง [อรุณ จิรวัฒน์กุล]

    หัวเรื่อง [Statistics]
    หัวเรื่อง [สถิติศาสตร์]

BibComment


ยังไม่เคยถูกคอมเมนท์

คอมเมนท์ทรัพยากรรายการนี้
  คอมเมนท์: สถิติในงานวิจัย ..


 Copyright 2026. Bcnsprnw @Library